000 00411nam a2200157 a 4500
001 0571
005 20140414131910.0
008 040201s19uu xx 00 eng d
050 _aER
_bB63 1997
100 _aRector, Andy
245 _aBoo-o-o-ville ghost school (The) /
_cAndy Rector.
260 _aAshland, Ohio :
_bLandoll,
_c1997.
300 _ap. ; cm.
650 _aGhosts
_xfiction.
999 _c111156
_d111156